000 00868nam a2200277Ia 4500
003 OSt
005 20220928125021.0
006 a|||||r|||| 00| 0
007 ta
008 220927b |||||||| |||| 00| 0 eng d
020 _c12909
024 _a128439
037 _b262, 16/02/2016, Classic Book Service
_cTextual
040 _aSDCL
_cSDCL
_beng
041 _2eng
_aeng
082 _aX:51, Q4
100 _aJamal Ahmad Ed.
_9467597
245 0 _aRoutledge companion to ethnic marketing
260 _aLondon
_bRoutledge
_c2015
300 _axvi;362p.
_ccm.
650 _aBusiness Economics
_9391653
700 _a Laroche Michel Ed.
_9467598
700 _a Penaloza Lisa Ed.
_9467599
942 _hX:51, Q4
_cTEXL
_2CC
999 _c780472
_d780472